[Event "Championnat de France des Jeunes - Cade"]
[Site "TROYES"]
[Date "2010.04.15"]
[Round "6.5"]
[White "Lefevre, Margaux"]
[Black "Macarry, Elodie"]
[Result "1-0"]
[WhiteElo "2036"]
[BlackElo "1898"]
[PlyCount "87"]

1. e4 e6 2. d4 d5 3. Nc3 Nf6 4. Bg5 dxe4 5. Nxe4 Be7 6. Bxf6 gxf6 7. Nf3 f5 8.
Ned2 c5 9. Nb3 b6 10. dxc5 Qxd1+ 11. Rxd1 bxc5 12. Ne5 O-O 13. Be2 a5 14. a4
Bb7 15. Nd7 Rd8 16. Nbxc5 Bc6 17. Bb5 Bxb5 18. axb5 Nxd7 19. Nxd7 Ra7 20. Ne5
Rxd1+ 21. Kxd1 Bc5 22. Nd3 Rc7 23. c3 Bb6 24. Kc2 f6 25. f4 e5 26. fxe5 fxe5
27. Nxe5 Rc5 28. Nd7 Rxb5 29. Nxb6 Rxb6 30. Rf1 Rb5 31. c4 Re5 32. Kd3 Kg7 33.
Rf2 Kg6 34. Kd4 Re4+ 35. Kc5 Kf6 36. Kb5 Re5+ 37. c5 Ke6 38. Rc2 Kd7 39. Kxa5
Kc7 40. b4 Re8 41. b5 Ra8+ 42. Kb4 Rb8 43. Re2 Kd7 44. Ra2 1-0

[Event "Championnat de France des Jeunes - Cade"]
[Site "TROYES"]
[Date "2010.04.15"]
[Round "6.6"]
[White "Uhl, Sarah"]
[Black "Jeannerot, Lea"]
[Result "0-1"]
[WhiteElo "1714"]
[BlackElo "2030"]
[Annotator "Rivier,Sylvain"]
[PlyCount "99"]

1. e4 c6 2. Nc3 d5 3. Nf3 Bg4 4. h3 Bxf3 5. Qxf3 e6 6. d3 Nf6 7. g4 Be7 8. Bd2
Qc7 9. g5 Nfd7 10. Bg2 Nb6 11. Qe2 N8d7 12. h4 O-O-O 13. exd5 exd5 14. O-O-O
Bd6 15. Rde1 Nc5 16. Rhf1 Kb8 17. Qg4 Nbd7 18. f4 g6 19. Ne2 Rde8 20. Nc3 Nb6
21. Rxe8+ Rxe8 22. f5 Ncd7 23. fxg6 fxg6 24. Rf7 Re7 25. Rxe7 Bxe7 26. Bf4 Bd6
27. Bxd6 Qxd6 28. Bh3 Qe5 29. Qe6 Qf4+ 30. Kd1 Qxh4 31. Qd6+ Kc8 32. Bxd7+ Nxd7
33. Qe7 Qh1+ 34. Kd2 Qh2+ 35. Ne2 Qh4 36. a3 Kc7 37. Kd1 h6 38. c3 Qxg5 39. Qg7
h5 40. Nd4 Qf6 41. Qh6 h4 42. Qe3 Qe5 43. Qh6 Qh5+ 44. Qxh5 gxh5 45. Ne6+ Kd6
46. Nf4 Nf6 47. Ke2 Ke5 48. Ng6+ Kf5 49. Nxh4+ Kg4 50. Nf3 {suite illisible}
0-1

[Event "Championnat de France des Jeunes - Cade"]
[Site "TROYES"]
[Date "2010.04.15"]
[Round "6.7"]
[White "Dubois, Emmanuelle"]
[Black "Daif, Sarah"]
[Result "1/2-1/2"]
[WhiteElo "1811"]
[BlackElo "1643"]
[Annotator "Rivier,Sylvain"]
[PlyCount "50"]

1. e4 c6 2. d4 d5 3. exd5 cxd5 4. Bd3 Nc6 5. c3 Qc7 6. Bg5 Nf6 7. Nd2 Bg4 8.
Ngf3 e6 9. Qe2 Bd6 10. a4 Bh5 11. O-O Nd7 12. Rfe1 Bg6 13. Nf1 O-O 14. Bxg6
hxg6 15. Bh4 a6 16. Bg3 b5 17. Bxd6 Qxd6 18. axb5 axb5 19. Qd3 b4 20. Ng5 bxc3
21. Qh3 Nf6 22. bxc3 Ra3 23. Rxa3 Qxa3 24. Re3 Qc1 25. Rxe6 Ra8 {suite
illisible} 1/2-1/2

[Event "Championnat de France des Jeunes - Cade"]
[Site "TROYES"]
[Date "2010.04.15"]
[Round "6.8"]
[White "Hourlier, Claire"]
[Black "Klipper, Noemie"]
[Result "0-1"]
[WhiteElo "1915"]
[BlackElo "1872"]
[PlyCount "112"]

1. e4 c5 2. Nf3 Nc6 3. d4 cxd4 4. Nxd4 g6 5. c4 Bg7 6. Nc2 Nf6 7. Nc3 O-O 8.
Be2 d6 9. O-O b6 10. Ne3 Ba6 11. Rb1 Rc8 12. Kh1 Ne5 13. b3 Nfd7 14. Bb2 Nc6
15. f4 Nd4 16. Ncd5 Nxe2 17. Qxe2 Nc5 18. Bxg7 Kxg7 19. Qf3 e6 20. Nc3 Bb7 21.
Qd1 Qf6 22. e5 dxe5 23. Ng4 Qd8 24. Nxe5 Qxd1 25. Rbxd1 Rfd8 26. Nb5 Ne4 27.
Kg1 a6 28. Na3 Nc3 29. Ra1 Rd2 30. Rf2 Rcd8 31. Nf3 Rd1+ 32. Rxd1 Rxd1+ 33. Rf1
Ne2+ 34. Kf2 Rxf1+ 35. Kxf1 Nxf4 36. Nc2 f6 37. b4 e5 38. Kf2 Kf7 39. g3 Nd3+
40. Ke3 e4 41. Nfd4 f5 42. Nb3 Ke6 43. Kd4 g5 44. c5 bxc5+ 45. bxc5 Ne5 46. Nb4
Nc6+ 47. Nxc6 Bxc6 48. Nd2 h5 49. a3 Bd5 50. a4 Bc6 51. a5 Bd5 52. h3 Bc6 53.
g4 hxg4 54. hxg4 fxg4 55. Nf1 e3 56. Kd3 Bb5+ 0-1

[Event "Championnat de France des Jeunes - Cade"]
[Site "TROYES"]
[Date "2010.04.15"]
[Round "6.9"]
[White "Josse, Mathilde"]
[Black "Saucey, Capucine"]
[Result "0-1"]
[WhiteElo "1688"]
[BlackElo "1798"]
[PlyCount "59"]

1. e4 e5 2. Nf3 Nc6 3. Bb5 a6 4. Ba4 Nf6 5. O-O Be7 6. Re1 b5 7. Bb3 O-O 8. c3
d5 9. exd5 Nxd5 10. Nxe5 Nxe5 11. Rxe5 c6 12. Bxd5 cxd5 13. Qf3 Bd6 14. Re3 Qg5
15. g3 Bg4 16. Qg2 Qh5 17. f3 Bh3 18. Qe2 f5 19. d4 Rae8 20. Re6 Qf7 21. Rxe8
Rxe8 22. Qf2 h5 23. Bd2 f4 24. Na3 fxg3 25. hxg3 h4 26. f4 Re6 27. Kh2 hxg3+
28. Qxg3 Bf5 29. Rh1 Rh6+ 30. Kg2 0-1

[Event "Championnat de France des Jeunes - Cade"]
[Site "TROYES"]
[Date "2010.04.15"]
[Round "6.10"]
[White "Durot, Edwige"]
[Black "Lepenant, Maissane"]
[Result "1-0"]
[WhiteElo "1745"]
[BlackElo "1580"]
[PlyCount "73"]

1. e4 d6 2. d4 Nf6 3. Nc3 g6 4. f4 Bg7 5. Nf3 Na6 6. Be3 O-O 7. h3 c5 8. Bxa6
bxa6 9. dxc5 Qa5 10. Qd2 dxc5 11. O-O Rb8 12. Rab1 Bb7 13. e5 Rfd8 14. Qe1 Ne4
15. Nxe4 Qxe1 16. Nxe1 Bxe4 17. Bxc5 Rd2 18. Rf2 Rxf2 19. Kxf2 Bxc2 20. Nxc2
Rc8 21. Bxe7 Rxc2+ 22. Kf3 Rc6 23. Rd1 f6 24. exf6 Bxf6 25. Bxf6 Rxf6 26. Rd8+
Kg7 27. Rd7+ Rf7 28. Rxf7+ Kxf7 29. Ke4 Ke6 30. g4 h5 31. gxh5 gxh5 32. f5+ Kf6
33. Kf4 a5 34. b3 a6 35. h4 a4 36. bxa4 a5 37. a3 1-0

[Event "Championnat de France des Jeunes - Mini"]
[Site "TROYES"]
[Date "2010.04.15"]
[Round "6.1"]
[White "Loiseau, Quentin"]
[Black "Feryn, Benjamin"]
[Result "1/2-1/2"]
[WhiteElo "2185"]
[BlackElo "1985"]
[PlyCount "0"]

1. d4 Nf6 2. c4 g6 3. Nc3 Bg7 4. e4 d6 5. Be2 O-O 6. Be3 e5 7. d5 Nbd7 8. g4
Nc5 9. f3 a5 10. h4 h5 11. g5 Ne8 12. Nh3 Bd7 13. b3 c6 14. Qd2 cxd5 15. cxd5
Nc7 16. Nf2 b6 17. Nd3 Qe8 18. Kf2 Nb5 19. b4 axb4 20. Nxb4 f5 21. gxf6 Rxf6
22. Kg2 Nd4 23. Nc2 Nxe2 24. Qxe2 Qf8 25. Rhb1 Rb8 26. Rb4 Bh6 27. Bxh6 Qxh6
28. Qe3 Qg7 29. Rh1 Rf4 30. Ne2 Rf6 31. Ne1 Qf7 32. Ng1 Rf4 33. Nh3 Rxh4 34.
Ng5 Qf4 35. Qxf4 Rxf4 36. Kg3 Kg7 37. Ng2 Rf6 38. Nh3 Bxh3 39. Rxh3 Rbf8 40.
Nh4 Rb8 41. Rh2 Rf7 42. Rd2 Ra7 43. Rbb2 Ra3 44. Kg2 Nd3 45. Rb3 Nf4+ 46. Kf2
Rxb3 47. axb3 Rc8 48. Ng2 Nxg2 49. Kxg2 Rc3 50. Ra2 Rc7 51. Ra8 Rd7 52. Rb8 Kf6
53. Rxb6 Kg5 54. b4 Kf4 55. b5 g5 56. Rc6 g4 57. fxg4 hxg4 58. Rc4 1/2-1/2

[Event "Championnat de France des Jeunes - Mini"]
[Site "TROYES"]
[Date "2010.04.15"]
[Round "6.2"]
[White "Barbot, Pierre"]
[Black "Domenech, Vianney"]
[Result "1-0"]
[WhiteElo "2111"]
[BlackElo "2050"]
[PlyCount "37"]

1. e4 d5 2. exd5 Qxd5 3. Nf3 Bg4 4. Be2 Nc6 5. d4 O-O-O 6. Be3 Nh6 7. Nbd2 Nf5
8. c4 Qa5 9. O-O Bxf3 10. Nxf3 Nxe3 11. fxe3 g5 12. d5 Qc5 13. Qb3 Nb8 14. Nxg5
Bh6 15. Nxf7 Bxe3+ 16. Kh1 Nd7 17. Nxh8 Rxh8 18. Bg4 Qd6 19. Qxe3 1-0

[Event "Championnat de France des Jeunes - Mini"]
[Site "TROYES"]
[Date "2010.04.15"]
[Round "6.3"]
[White "Muheim, Sebastien"]
[Black "Rachid, Danial"]
[Result "1-0"]
[WhiteElo "2053"]
[BlackElo "2040"]
[PlyCount "63"]

1. d4 Nf6 2. c4 c5 3. d5 b5 4. cxb5 a6 5. bxa6 g6 6. Nc3 Bxa6 7. Nf3 d6 8. g3
Bg7 9. Bg2 O-O 10. O-O Nbd7 11. Rb1 Ne8 12. Qc2 Nc7 13. Rd1 Nb5 14. Nxb5 Bxb5
15. b3 c4 16. Nd4 cxb3 17. axb3 Qb6 18. Be3 Qb7 19. h4 Nf6 20. Nc6 Rfc8 21.
Rdc1 Kf8 22. Qd2 Qa6 23. Rc2 Bxc6 24. dxc6 Rc7 25. b4 Qb5 26. Ra2 Rac8 27. Ra5
Qc4 28. b5 Ne4 29. Qd3 Qxd3 30. exd3 Nc3 31. Rb3 d5 32. Bb6 1-0

[Event "Championnat de France des Jeunes - Mini"]
[Site "TROYES"]
[Date "2010.04.15"]
[Round "6.4"]
[White "Eden, James"]
[Black "Wurtz, Guillaume"]
[Result "1-0"]
[WhiteElo "2047"]
[BlackElo "1864"]
[PlyCount "73"]

1. e4 d5 2. exd5 Qxd5 3. Nc3 Qa5 4. d4 Nf6 5. Nf3 Bg4 6. h3 Bh5 7. g4 Bg6 8.
Bg2 c6 9. O-O e6 10. Qe2 Nbd7 11. Bf4 Be7 12. Ne5 Nxe5 13. Bxe5 O-O 14. f4 h6
15. h4 Nd7 16. f5 Nxe5 17. dxe5 Bh7 18. f6 Bc5+ 19. Kh1 Bd4 20. fxg7 Kxg7 21.
Rae1 Bxc3 22. bxc3 Qxc3 23. Qf2 f6 24. Rd1 f5 25. Rd7+ Rf7 26. Rxf7+ Kxf7 27.
Qf4 Kg8 28. h5 Kh8 29. Qxh6 Qxe5 30. g5 Qg7 31. Qxg7+ Kxg7 32. Rd1 Rb8 33. Rd7+
Kh8 34. g6 Bg8 35. Bh3 f4 36. h6 e5 37. Rh7+ 1-0

[Event "Championnat de France des Jeunes - Mini"]
[Site "TROYES"]
[Date "2010.04.15"]
[Round "6.5"]
[White "Peyre, Thomas"]
[Black "Ider, Borya"]
[Result "1-0"]
[WhiteElo "2074"]
[BlackElo "2283"]
[PlyCount "27"]

1. e4 e6 2. d4 d5 3. Nc3 Bb4 4. e5 Ne7 5. a3 Bxc3+ 6. bxc3 c5 7. h4 Qa5 8. Bd2
Nbc6 9. Qg4 O-O 10. Rh3 f5 11. Qh5 Qa4 12. Rg3 cxd4 13. Bh6 Rf7 14. Rxg7+ 1-0

[Event "Championnat de France des Jeunes - Mini"]
[Site "TROYES"]
[Date "2010.04.15"]
[Round "6.6"]
[White "Meley, Hector"]
[Black "Netzer, Jacques"]
[Result "1/2-1/2"]
[WhiteElo "1938"]
[BlackElo "2215"]
[PlyCount "111"]

1. d4 Nf6 2. c4 g6 3. Nc3 Bg7 4. e4 d6 5. Nf3 O-O 6. Be2 e5 7. O-O Nc6 8. d5
Ne7 9. Ne1 Nd7 10. f3 f5 11. g4 Kh8 12. Nd3 Ng8 13. b4 a5 14. Ba3 Bh6 15. Nb5
Be3+ 16. Kh1 Ngf6 17. Qe1 Nb6 18. c5 Nc4 19. Bc1 Bd7 20. Nxe5 Bxb5 21. Bxc4 Bd4
22. Rb1 Qe8 23. bxa5 Ba4 24. Nd3 fxe4 25. fxe4 Bc2 26. Rb2 Bxd3 27. Bxd3 Nxg4
28. Rg2 Ne5 29. Bc2 Bxc5 30. Bg5 Qb5 31. Bf6+ Kg8 32. Bd1 Qb1 33. Qh4 Qb5 34.
Be2 Qd7 35. Bg4 Nxg4 36. Rxg4 Qf7 37. Rgf4 Qe8 38. Bc3 Rxf4 39. Rxf4 Qd8 40.
Qh3 Qe7 41. Bf6 Qf7 42. Be5 Qe8 43. Bb2 Qe7 44. Qd3 Qe5 45. Qd2 Be3 46. Qxe3
Qxb2 47. Rf2 Qa1+ 48. Kg2 Rf8 49. Rxf8+ Kxf8 50. Qf2+ Kg7 51. Qc2 Kg8 52. Qxc7
Qxa2+ 53. Kg3 Qa3+ 54. Kg4 h5+ 55. Kf4 Qb4 56. Qd8+ 1/2-1/2

[Event "Championnat de France des Jeunes - Mini"]
[Site "TROYES"]
[Date "2010.04.15"]
[Round "6.7"]
[White "Ane, Cedric"]
[Black "Deslias, Gregoire"]
[Result "1-0"]
[WhiteElo "2106"]
[BlackElo "1931"]
[PlyCount "80"]

1. e4 e5 2. d4 exd4 3. Qxd4 Nc6 4. Qe3 Nf6 5. Nc3 Bb4 6. Bd2 O-O 7. O-O-O Re8
8. Qg3 Rxe4 9. a3 Rg4 10. Qf3 Bxc3 11. Bxc3 d6 12. h3 Rg5 13. g4 Be6 14. Qg2
Rc5 15. Bd3 Nd5 16. Bd2 Ne5 17. Be4 Nc4 18. Ne2 c6 19. Nd4 Qb6 20. Nb3 Rb5 21.
Qg3 Nf6 22. Bd3 Nxd2 23. Rxd2 Bxb3 24. cxb3 Rxb3 25. Qxd6 c5 26. Qe5 Re8 27.
Qf5 Qc6 28. Rhd1 c4 29. Bc2 Rf3 30. Ba4 Qxa4 31. Qxf3 Qa5 32. Qc3 Qc7 33. Qg3
Qa5 34. Re2 b5 35. f3 b4 36. Qd6 Qg5+ 37. f4 Qa5 38. Qxb4 Qc7 39. Qxc4 Qb8 40.
g5 Ne4 1-0

[Event "Championnat de France des Jeunes - Mini"]
[Site "TROYES"]
[Date "2010.04.15"]
[Round "6.8"]
[White "Fourcand, Pierre"]
[Black "Hallope, Arnaud"]
[Result "0-1"]
[WhiteElo "2004"]
[BlackElo "1895"]
[PlyCount "98"]

1. d4 Nf6 2. c4 g6 3. Nc3 d5 4. cxd5 Nxd5 5. e4 Nxc3 6. bxc3 Bg7 7. Nf3 c5 8.
Be3 O-O 9. Qd2 Qa5 10. Rc1 cxd4 11. cxd4 Qxd2+ 12. Kxd2 Rd8 13. Ke1 e6 14. Bg5
f6 15. Be3 Nc6 16. h4 Bd7 17. Nd2 Rac8 18. Rb1 Na5 19. Nb3 Nxb3 20. axb3 Bc6
21. f3 f5 22. Bc4 Kf7 23. Rd1 b5 24. Bxe6+ Kxe6 25. d5+ Bxd5 26. exd5+ Rxd5 27.
Bxa7 Ra8 28. Be3 Rxd1+ 29. Kxd1 Ra1+ 30. Bc1 Bh6 31. Kc2 Rxc1+ 32. Rxc1 Bxc1
33. Kxc1 Kd5 34. Kd2 Kd4 35. g4 b4 36. gxf5 gxf5 37. h5 h6 38. Ke2 Kc3 39. Ke3
Kxb3 40. Kf4 Kc4 41. Kxf5 Kd5 42. Kg6 b3 43. Kxh6 b2 44. Kg7 b1=Q 45. h6 Qb7+
46. Kg8 Qc8+ 47. Kg7 Qd7+ 48. Kg8 Qd8+ 49. Kg7 Qg5+ 0-1

[Event "Championnat de France des Jeunes - Mini"]
[Site "TROYES"]
[Date "2010.04.15"]
[Round "6.9"]
[White "De Lussac, Maxence"]
[Black "Saatdjian, Stephane"]
[Result "1/2-1/2"]
[WhiteElo "1813"]
[BlackElo "1991"]
[PlyCount "85"]

1. e4 c5 2. Nf3 Nc6 3. d4 cxd4 4. Nxd4 g6 5. c4 Bg7 6. Be3 Nf6 7. Nc3 d6 8. Be2
O-O 9. f3 Nxd4 10. Bxd4 Be6 11. O-O Rc8 12. b3 a6 13. Rc1 Nd7 14. Bxg7 Kxg7 15.
Kh1 Kg8 16. Re1 Nc5 17. Bf1 Qc7 18. Qd2 a5 19. Re3 Qd8 20. Rce1 a4 21. Nd5 axb3
22. axb3 Ra8 23. Qb2 Bxd5 24. exd5 Re8 25. Qe2 e5 26. dxe6 Rxe6 27. b4 Rxe3 28.
Qxe3 Ne6 29. Rd1 Ra4 30. Qb3 Qa8 31. Rxd6 Ra3 32. Qc2 Ra2 33. Qd3 Qa4 34. b5
Ra1 35. Kg1 Qa7+ 36. b6 Qa5 37. h4 Qc5+ 38. Kh2 Rxf1 39. Rxe6 Qg1+ 40. Kh3 fxe6
41. Qd8+ Kf7 42. Qc7+ Kf6 43. Qf4+ 1/2-1/2

[Event "Championnat de France des Jeunes - Mini"]
[Site "TROYES"]
[Date "2010.04.15"]
[Round "6.10"]
[White "Hector, Pierre"]
[Black "Ollier, Milan"]
[Result "1/2-1/2"]
[WhiteElo "1821"]
[BlackElo "2117"]
[PlyCount "41"]

1. d4 Nf6 2. c4 g6 3. Nc3 d5 4. cxd5 Nxd5 5. e4 Nxc3 6. bxc3 Bg7 7. Be3 c5 8.
Qd2 O-O 9. Nf3 Qa5 10. Rc1 Rd8 11. Bd3 Bg4 12. d5 e6 13. c4 Qxd2+ 14. Kxd2 Bxf3
15. gxf3 Na6 16. h4 b6 17. Rb1 Rac8 18. Rhc1 Nb4 19. a3 Na6 20. h5 Rd7 21. hxg6
1/2-1/2

[Event "Championnat de France des Jeunes - Mini"]
[Site "TROYES"]
[Date "2010.04.15"]
[Round "6.1"]
[White "Neuhauser, Salome"]
[Black "Eid, Maha"]
[Result "0-1"]
[WhiteElo "2014"]
[BlackElo "2003"]
[PlyCount "0"]

 1. e4 c5 2. Nf3 e6 3. g3 Nc6 4. Bg2 g6 5. d4 cxd4 6. Nxd4 Bg7 7. Nb5 Nf6 8.
Nd6+ Kf8 9. Nc3 a6 10. Be3 Ne8 11. Bc5 Kg8 12. Nxe8 Qxe8 13. O-O h6 14. Qd2 Qd8
15. f4 Qa5 16. Be3 f5 17. e5 Bf8 18. a3 b5 19. Qf2 Rb8 20. b4 Qc7 21. Ne2 d6
22. exd6 Bxd6 23. Rac1 Ne7 24. Rfd1 Kf7 25. Ba7 Rb7 26. Bxb7 Bxb7 27. Qb6 Qxb6+
28. Bxb6 Nd5 29. c4 bxc4 30. Rxc4 Nxb6 31. Rxd6 Nxc4 32. Rd7+ Kf6 33. Rxb7 Nxa3
34. Nd4 Rd8 35. Nf3 Nc4 36. Rc7 Nd6 37. Ne5 g5 38. Rh7 gxf4 39. gxf4 Rg8+ 40.
Kf1 Rg7 41. Rxh6+ Ke7 42. Rh8 Nf7 43. Nd3 Nxh8 44. Ke1 0-1

[Event "Championnat de France des Jeunes - Mini"]
[Site "TROYES"]
[Date "2010.04.15"]
[Round "6.2"]
[White "Aflalo, Sophie"]
[Black "Dubois, Marie"]
[Result "0-1"]
[WhiteElo "2041"]
[BlackElo "1616"]
[PlyCount "86"]

1. e4 c5 2. Nf3 d6 3. d4 cxd4 4. Nxd4 Nf6 5. Nc3 a6 6. Be2 e5 7. Nf3 Be7 8. O-O
h6 9. a4 Be6 10. Re1 Nc6 11. Bf1 Rc8 12. g3 O-O 13. h3 Qc7 14. Nd5 Bxd5 15.
exd5 Nb4 16. c4 Rfe8 17. Bd2 Qc5 18. a5 e4 19. Be3 Qc7 20. Nd4 Nd7 21. Bd2 Nd3
22. Bxd3 exd3 23. b3 Bf6 24. Be3 Ne5 25. f4 Nd7 26. Qxd3 Nc5 27. Qc3 Ne4 28.
Qd3 Nxg3 29. Kh2 Ne4 30. Rg1 Qd7 31. b4 Bh4 32. Rg4 Bf2 33. Bc1 h5 34. Rg2 Qe7
35. Nf5 Qf6 36. Nxg7 Bg3+ 37. Rxg3 Nxg3 38. Ra2 Qxg7 39. Rg2 h4 40. c5 Re1 41.
Rc2 Nf1+ 42. Kh1 Ne3+ 43. Kh2 Qg1# 0-1

[Event "Championnat de France des Jeunes - Mini"]
[Site "TROYES"]
[Date "2010.04.15"]
[Round "6.3"]
[White "Richier, Lucie"]
[Black "Lenoel, Marine"]
[Result "1/2-1/2"]
[WhiteElo "1660"]
[BlackElo "1718"]
[PlyCount "93"]

1. d4 Nf6 2. Nf3 g6 3. c4 Bg7 4. Nc3 O-O 5. Bf4 d6 6. e3 a5 7. Be2 Nc6 8. h3
Nd7 9. O-O e5 10. Bh2 f5 11. a3 g5 12. dxe5 Ncxe5 13. Nd4 Nc5 14. b4 axb4 15.
axb4 Rxa1 16. Qxa1 Ne6 17. Rd1 Nxd4 18. exd4 Nc6 19. Nd5 Re8 20. Bh5 Re4 21.
Bf3 Rxd4 22. Rxd4 Nxd4 23. Qd1 c6 24. Ne3 f4 25. Nc2 Nxf3+ 26. Qxf3 Qe7 27. g3
Bf5 28. Qd1 Qe4 29. Ne1 Bxh3 30. gxf4 gxf4 31. f3 Qxc4 32. Nd3 Bd4+ 33. Kh1 Qa2
34. Nxf4 Qa3 35. Nxh3 Qxb4 36. Qd3 d5 37. Ng5 Qe7 38. Nxh7 c5 39. Qg6+ Kh8 40.
Ng5 Qg7 41. Qe8+ Qg8 42. Be5+ Bxe5 43. Qxe5+ Qg7 44. Qe8+ Qg8 45. Qe5+ Qg7 46.
Qe8+ Qg8 47. Qe5+ 1/2-1/2

[Event "Championnat de France des Jeunes - Mini"]
[Site "TROYES"]
[Date "2010.04.15"]
[Round "6.4"]
[White "Monpeurt, Cyrielle"]
[Black "Colin, Phanie"]
[Result "1-0"]
[WhiteElo "1855"]
[BlackElo "1830"]
[PlyCount "39"]

1. e4 d6 2. d4 Nf6 3. Nc3 g6 4. Bg5 Bg7 5. f4 h6 6. Bh4 Nbd7 7. Nf3 c5 8. e5
dxe5 9. dxe5 Nh7 10. Qd2 Qa5 11. O-O-O a6 12. Bc4 e6 13. Bxe6 fxe6 14. Qd6 Ndf6
15. exf6 Bxf6 16. Bxf6 Nxf6 17. Rhe1 Ng8 18. Rxe6+ Bxe6 19. Qxe6+ Ne7 20. Nd5
1-0

[Event "Championnat de France des Jeunes - Mini"]
[Site "TROYES"]
[Date "2010.04.15"]
[Round "6.5"]
[White "Afraoui, Solenn"]
[Black "Seelen, Amandine"]
[Result "1-0"]
[WhiteElo "1851"]
[BlackElo "1664"]
[PlyCount "125"]

1. Nf3 d5 2. g3 Nf6 3. Bg2 e6 4. d4 Be7 5. O-O O-O 6. c4 dxc4 7. Qc2 c5 8. Qxc4
cxd4 9. Nxd4 e5 10. Nb5 a6 11. Nc7 b5 12. Nxb5 axb5 13. Qxb5 Bd7 14. Qxe5 Ra5
15. Qf4 Qc8 16. Nc3 Bh3 17. Rd1 Bxg2 18. Kxg2 Rf5 19. Qa4 Bc5 20. Rf1 Qb7+ 21.
f3 Nc6 22. Qb5 Qc7 23. e4 Rh5 24. h3 Bf2 25. Bf4 Qd7 26. Qe2 Bb6 27. g4 Ra5 28.
Rfd1 Qa7 29. Rd6 Nd4 30. Qc4 Bc7 31. Rxd4 Bxf4 32. b4 Ra3 33. Nb5 Qa4 34. Nxa3
Be5 35. Nc2 Bxd4 36. Nxd4 Rb8 37. a3 Nd7 38. Qc6 Qa7 39. Qc3 Ne5 40. f4 Ng6 41.
Kg3 Rd8 42. Nf5 f6 43. Qb3+ Kh8 44. Rc1 Qb8 45. Qe3 Nxf4 46. Kf2 Nd3+ 47. Kf3
Nxc1 48. Qxc1 Rd3+ 49. Ne3 h6 50. h4 Qa7 51. Qc8+ Kh7 52. Qc5 Qxc5 53. bxc5
Rxa3 54. Kf4 Rc3 55. Nd5 Rxc5 56. Kf5 Kg8 57. Kg6 Rc4 58. Kf5 Kf7 59. Kf4 Ke6
60. Ne3 g6 61. Nxc4 g5+ 62. hxg5 hxg5+ 63. Ke3 1-0

[Event "Championnat de France des Jeunes - Mini"]
[Site "TROYES"]
[Date "2010.04.15"]
[Round "6.6"]
[White "Alonso, Audrey"]
[Black "Griggio, Julie"]
[Result "1-0"]
[WhiteElo "1782"]
[BlackElo "1816"]
[PlyCount "101"]

1. e4 e6 2. d4 d5 3. exd5 exd5 4. Bd3 Bd6 5. Ne2 Ne7 6. Bf4 Be6 7. Nd2 Nbc6 8.
c3 Ng6 9. Bg3 Qd7 10. Qc2 O-O-O 11. b4 Nge7 12. Qa4 Nf5 13. b5 Nb8 14. Qxa7
Nxg3 15. hxg3 Bf5 16. Bxf5 Qxf5 17. Nb3 Rde8 18. Na5 Qc2 19. Qxb7+ Kd7 20. O-O
Qxe2 21. Qxd5 Qe6 22. Qf3 f6 23. Nc6 Kc8 24. Na7+ Kd8 25. Rae1 Qxa2 26. Ra1 Qc4
27. Qg4 g6 28. Qf3 Ke7 29. Rfb1 Nd7 30. Nc6+ Kf7 31. Na5 Qe2 32. Qd5+ Qe6 33.
Qc6 Nb8 34. Qf3 Qe4 35. Qd1 Qe2 36. Qb3+ Qe6 37. c4 Nd7 38. Re1 Qg4 39. c5+ Kg7
40. cxd6 cxd6 41. Qd5 Nb6 42. Qxd6 Nc8 43. Qc7+ Kh6 44. Qf4+ Qxf4 45. gxf4 Nd6
46. b6 Rb8 47. Rab1 Rhc8 48. Re7 Nf5 49. Rd7 Ng7 50. d5 Nf5 51. Nc6 1-0

[Event "Championnat de France des Jeunes - Mini"]
[Site "TROYES"]
[Date "2010.04.15"]
[Round "6.7"]
[White "Lebret, Loriane"]
[Black "Ruhlmann, Helene"]
[Result "0-1"]
[WhiteElo "1639"]
[BlackElo "1816"]
[PlyCount "48"]

1. e4 c5 2. c3 Nf6 3. e5 Nd5 4. d4 cxd4 5. cxd4 d6 6. Bc4 e6 7. Nf3 Nc6 8. O-O
Be7 9. Re1 O-O 10. Bxd5 exd5 11. Nc3 dxe5 12. dxe5 d4 13. Ne2 Bb4 14. Bd2 d3
15. Nf4 Bg4 16. Re3 Bxf3 17. Rxf3 Bxd2 18. Qxd2 Nxe5 19. Rh3 Qd4 20. Nxd3 Rfd8
21. Rd1 Rd6 22. Kf1 Rad8 23. Ke2 Qg4+ 24. f3 Qxg2+ 0-1

[Event "Championnat de France des Jeunes - Mini"]
[Site "TROYES"]
[Date "2010.04.15"]
[Round "6.8"]
[White "Le Marec, Laura"]
[Black "Henry, Laura"]
[Result "0-1"]
[WhiteElo "1585"]
[BlackElo "1680"]
[PlyCount "64"]

1. d4 d5 2. c4 c6 3. Nf3 Nd7 4. e3 Ngf6 5. Nc3 e6 6. Bd3 Be7 7. O-O O-O 8. e4
h6 9. b3 Bb4 10. e5 Bxc3 11. exf6 Qxf6 12. Rb1 e5 13. dxe5 Nxe5 14. Nxe5 Bxe5
15. cxd5 cxd5 16. Ba3 Rd8 17. Qc2 Be6 18. Bb2 Rac8 19. Qd2 d4 20. f4 Bc7 21.
Rbc1 Bb6 22. Kh1 Rxc1 23. Rxc1 Bf5 24. Bxf5 Qxf5 25. Re1 d3 26. Re5 Qc8 27. Bc3
Qc6 28. Re1 Rc8 29. Bb2 Qc2 30. Bc1 Ba5 31. Qxa5 Qxc1 32. h3 d2 0-1

[Event "Championnat de France des Jeunes - Mini"]
[Site "TROYES"]
[Date "2010.04.15"]
[Round "6.9"]
[White "Aggoune, Audessa"]
[Black "Brajon, Victoria"]
[Result "1-0"]
[WhiteElo "1666"]
[BlackElo "1416"]
[PlyCount "165"]

1. d4 d5 2. Nf3 Nf6 3. Bg5 Nbd7 4. e3 c6 5. c3 e6 6. Bd3 Be7 7. Nbd2 b6 8. e4
dxe4 9. Nxe4 Bb7 10. O-O Nxe4 11. Bxe7 Nxc3 12. bxc3 Qxe7 13. Qa4 O-O 14. Rad1
Nf6 15. Ne5 Nd5 16. Qb3 Rfc8 17. Be4 c5 18. dxc5 Rxc5 19. c4 Nf6 20. Bxb7 Qxb7
21. f4 Rcc8 22. Rd4 Rd8 23. Rfd1 Rxd4 24. Rxd4 Qc7 25. Qd3 g6 26. g4 Qc5 27.
Kg2 Qa5 28. a3 Qc5 29. g5 Nh5 30. Kf3 Rc8 31. Rd7 Rf8 32. Ng4 Qc6+ 33. Ke3 Qc5+
34. Kd2 f5 35. Nh6+ Kh8 36. Qc3+ Nf6 37. gxf6 Qf2+ 38. Kd1 Qxf4 39. f7+ e5 40.
Qd2 Qxd2+ 41. Kxd2 Kg7 42. Ng8 Rxf7 43. Rd8 f4 44. Ke2 f3+ 45. Kf1 e4 46. Re8
e3 47. Ne7 Rf4 48. Nd5 Rxc4 49. Rxe3 Rc1+ 50. Re1 Rxe1+ 51. Kxe1 g5 52. Nc7 Kg6
53. Kf2 Kf5 54. Nb5 Kf4 55. Nxa7 h5 56. Nc8 g4 57. Nxb6 h4 58. Nd5+ Ke5 59. Ne3
g3+ 60. hxg3 hxg3+ 61. Kxg3 Kd6 62. Kxf3 Kc5 63. Kf4 Kb5 64. Ke4 Ka4 65. Nc2
Kb3 66. Kd5 Ka4 67. Kc5 Ka5 68. Kc4 Ka4 69. Kc3 Ka5 70. Kb3 Kb5 71. Nd4+ Ka5
72. a4 Kb6 73. Kb4 Ka6 74. a5 Kb7 75. Kb5 Ka7 76. Ne6 Kb7 77. Nc5+ Ka7 78. Na4
Kb7 79. a6+ Ka7 80. Nc5 Kb8 81. Kb6 Ka8 82. Ne6 Kb8 83. Nc7 1-0

[Event "Championnat de France des Jeunes - Mini"]
[Site "TROYES"]
[Date "2010.04.15"]
[Round "6.10"]
[White "Gan, Grace"]
[Black "Gennesseaux, Gabrielle"]
[Result "1-0"]
[WhiteElo "1652"]
[BlackElo "1420"]
[PlyCount "67"]

1. e4 e6 2. d4 d5 3. Nd2 c5 4. exd5 Qxd5 5. Ngf3 cxd4 6. Bc4 Qd6 7. O-O Nf6 8.
Nb3 Nc6 9. Nbxd4 Nxd4 10. Nxd4 a6 11. c3 b5 12. Bb3 Bb7 13. Bg5 Be7 14. Re1 Bd5
15. Bc2 O-O 16. Re3 h6 17. Bxf6 Bxf6 18. Qd3 g6 19. Rae1 Rfe8 20. Ne2 Qc6 21.
Rg3 Bg7 22. Nf4 Bc4 23. Qe3 g5 24. Nh5 f5 25. Nxg7 Kxg7 26. h4 f4 27. Qe5+ Kf7
28. Rg4 Qd5 29. hxg5 Qxe5 30. Rxe5 hxg5 31. Rexg5 e5 32. Bg6+ Kf6 33. Bxe8 Rxe8
34. Rg6+ 1-0

[Event "Championnat de France des Jeunes - Benjamins"]
[Site "TROYES"]
[Date ""]
[Round "6.1"]
[White "Grandadam, Patrick"]
[Black "Giroyan, Gary"]
[Result "1/2-1/2"]
[WhiteElo "2104"]
[BlackElo "2181"]
[Annotator ""]

1. Nf3 g6 2. c4 Bg7 3. e4 c5 4. d4 d6 5. d5 e6 6. Nc3 exd5 7. cxd5 a6 8. a4 Bg4
9. Be2 Bxf3 10. Bxf3 Nd7 11. Be2 Ne7 12. Bg5 O-O 13. f4 h6 14. Bh4 g5 15. fxg5
Ng6 16. Bg3 hxg5 17. O-O Be5 18. Bxe5 Ndxe5 19. Qd2 Kg7 20. Nd1 Rh8 21. Ne3 Ne7
22. Ng4 N7g6 23. Ne3 Ne7 24. Ng4 1/2-1/2

[Event "Championnat de France des Jeunes - Benja"]
[Site "TROYES"]
[Date "2010.04.15"]
[Round "6.2"]
[White "Kirk, Ezra"]
[Black "Lamard, Guillaume"]
[Result "0-1"]
[WhiteElo "1970"]
[BlackElo "2117"]
[PlyCount "34"]

1. d4 Nf6 2. c4 e6 3. Nc3 Bb4 4. Qc2 d5 5. Nf3 c5 6. cxd5 exd5 7. Bg5 Nc6 8. e3
h6 9. Bh4 O-O 10. a3 Bxc3+ 11. bxc3 cxd4 12. Bxf6 Qxf6 13. cxd4 Rb8 14. Rc1 Re8
15. Bb5 Bf5 16. Qe2 Bg4 17. O-O Nxd4 0-1